Current Events - U.S. | 3 | 10.00 | 67% | 0% | 33% |
Current Events - World | 1 | 10.00 | 100% | 0% | 0% |
Fine Arts - Film | 1 | 0.00 | 0% | 0% | 0% |
Fine Arts - Jazz | 1 | 10.00 | 0% | 100% | 0% |
Fine Arts - Miscellaneous | 2 | 15.00 | 100% | 50% | 0% |
Fine Arts - Music | 9 | 13.33 | 78% | 56% | 0% |
Fine Arts - Opera | 1 | 10.00 | 100% | 0% | 0% |
Fine Arts - Painting | 5 | 20.00 | 100% | 60% | 40% |
Fine Arts - Photography | 1 | 0.00 | 0% | 0% | 0% |
Fine Arts - Sculpture | 3 | 20.00 | 100% | 67% | 33% |
Geography - Europe | 1 | 10.00 | 100% | 0% | 0% |
Geography - World | 1 | 10.00 | 100% | 0% | 0% |
History - American | 5 | 10.00 | 60% | 40% | 0% |
History - Cross, Historiography, and Miscellaneous | 8 | 16.25 | 88% | 63% | 13% |
History - European | 7 | 11.43 | 71% | 29% | 14% |
History - World | 9 | 14.44 | 100% | 33% | 11% |
Literature - American | 4 | 25.00 | 100% | 100% | 50% |
Literature - British | 5 | 14.00 | 100% | 40% | 0% |
Literature - European | 9 | 16.67 | 100% | 67% | 0% |
Literature - World and Miscellaneous | 3 | 20.00 | 100% | 67% | 33% |
Other - Other Academic and General Knowledge | 4 | 10.00 | 75% | 25% | 0% |
RMP - East Asian Religion | 1 | 10.00 | 100% | 0% | 0% |
RMP - Greco-Roman Mythology | 1 | 10.00 | 100% | 0% | 0% |
RMP - Hebrew Bible | 1 | 10.00 | 100% | 0% | 0% |
RMP - Islam | 2 | 10.00 | 100% | 0% | 0% |
RMP - New Testament | 3 | 10.00 | 100% | 0% | 0% |
RMP - Philosophy | 3 | 6.67 | 67% | 0% | 0% |
RMP - World Mythology | 5 | 14.00 | 100% | 20% | 20% |
Science - Astronomy | 3 | 13.33 | 100% | 33% | 0% |
Science - Biology | 8 | 15.00 | 88% | 50% | 13% |
Science - Chemistry | 4 | 20.00 | 75% | 100% | 25% |
Science - Computer Science | 1 | 10.00 | 100% | 0% | 0% |
Science - Earth | 3 | 13.33 | 100% | 33% | 0% |
Science - Engineering and Miscellaneous | 1 | 20.00 | 100% | 0% | 100% |
Science - Math | 2 | 10.00 | 100% | 0% | 0% |
Science - Physics | 9 | 14.44 | 89% | 56% | 0% |
Social Science - Economics | 1 | 20.00 | 100% | 100% | 0% |
Social Science - Linguistics | 1 | 10.00 | 100% | 0% | 0% |
Social Science - Other | 2 | 15.00 | 100% | 50% | 0% |
Social Science - Psychology | 1 | 10.00 | 100% | 0% | 0% |
Social Science - Sociology | 1 | 10.00 | 100% | 0% | 0% |